00883cam a2200229 a 4500999001500000001000500015003000900020005001700029008004100046040003800087082002100125245011800146260006600264300004000330650004900370700001900419700002100438700001900459710004400478942001200522952011900534 c7314d73142809BD-DhUAP20210119120122.0200301s1991 bg abf b f000 0 eng  aBD-DhUAPcBD-DhUAPdBD-DhUAPbEng a363.3492 CYC223 aCyclone'91 :ban environmental and perceptional study /cedited by Raana Haider, A. Atiq Rahman and Saleemul Huq. aBangladesh :bBangladesh center for advanced studies.cc1991. a91 pages :billustrations ;c25 cm. aCyclones--Environmental aspectszBangladesh. aHaider, Raana. aRahman, A. Atiq  aHuq, Saleemul. aBangladesh center for advanced studies. 2ddccBK 00102ddc4070aUAPCLbUAPCLcReserve Stacksd2021-01-19o363.3492 CYCp3010002809r2021-01-19t1w2021-01-19yBK